Personnages de films #1 - Statistiques

Statistiques générales
  • Ce quiz a été pris 739 fois
  • Le résultat moyen est 10 sur 20
Statistiques - réponses
Par images Réponse % Correct
Indiana Jones
91%
James Bond
91%
Chucky
89%
Harley Quinn (DC)
77%
Sirius Black (Harry Potter)
73%
Amélie Poulain
71%
Néo (Matrix)
69%
Jar Jar Binks (Star Wars)
55%
Aragorn (Seigneur des anneaux)
53%
Elizabeth Swann (Pirates des Caraibes)
49%
Bouffon vert (Marvel)
47%
Tyler Durden (Fight Club)
41%
Ethan Hunt (Mission Impossible)
39%
Sarah Connor (Terminator)
38%
Charlot
35%
Commode (Gladiator)
32%
Vincent Vega (Pulp Fiction)
29%
Hans Landa (Inglourious Basterds)
18%
Danny Zuko (Grease)
16%
Agent K (Blade Runner 2049)
9%
Aucun quiz correspondant
Distribution des résultats
% des personnes avec chaque résultat
Percentile par nombre de réponses
Votre historique - résultats
Vous n’avez pas pris ce quiz